RECENT ADVANCES IN FORENSIC MEDICINE AND TOXICOLOGY (Record no. 216956)
[ view plain ]
| 000 -LEADER | |
|---|---|
| fixed length control field | 00498nam a22001817a 4500 |
| 008 - FIXED-LENGTH DATA ELEMENTS--GENERAL INFORMATION | |
| fixed length control field | 260414b |||||||| |||| 00| 0 eng d |
| 020 ## - INTERNATIONAL STANDARD BOOK NUMBER | |
| International Standard Book Number | 9789390595327 |
| 050 ## - LIBRARY OF CONGRESS CALL NUMBER | |
| Classification number | RA 1051 .B57 2002 V.3 |
| Item number | C.1 |
| 100 ## - MAIN ENTRY--PERSONAL NAME | |
| Personal name | BISWAS GAUTAM |
| 245 ## - TITLE STATEMENT | |
| Title | RECENT ADVANCES IN FORENSIC MEDICINE AND TOXICOLOGY |
| 250 ## - EDITION STATEMENT | |
| Edition statement | 1ST |
| 260 ## - PUBLICATION, DISTRIBUTION, ETC. | |
| Place of publication, distribution, etc. | NEW DELHI |
| Name of publisher, distributor, etc. | JAYPEE BROTHERS MEDICAL |
| Date of publication, distribution, etc. | 2002 |
| 300 ## - PHYSICAL DESCRIPTION | |
| Extent | 462P |
| 500 ## - GENERAL NOTE | |
| General note | INCLUDES INDEX |
| 700 ## - ADDED ENTRY--PERSONAL NAME | |
| Personal name | CINA,J STEPHEN |
| 942 ## - ADDED ENTRY ELEMENTS (KOHA) | |
| Source of classification or shelving scheme | Library of Congress Classification |
| Koha item type | Long Loan Book |
No items available.